000 00261nam a22001217a 4500
999 _c157219
_d157219
082 _a
_b
100 _aMangal SK
245 _aAn introduction to psychology/
_cby Mangal SK.
260 _a
_bSterling,
_c2007.
300 _a218p.
650 _a
942 _cBK